Normal view
MARC view
- Abused women-United States
Entry Topical Term
001 - CONTROL NUMBER
- control field: 2881
003 - CONTROL NUMBER IDENTIFIER
- control field: JO-AjAnu
005 - DATE AND TIME OF LATEST TRANSACTION
- control field: 20230606070756.0
008 - FIXED-LENGTH DATA ELEMENTS
- fixed length control field: 230606|| aca||aabn | a|a d
040 ## - CATALOGING SOURCE
- Original cataloging agency: JO-AjAnu
- Transcribing agency: JO-AjAnu
150 ## - HEADING--TOPICAL TERM
- Topical term or geographic name entry element: Abused women-United States
670 ## - SOURCE DATA FOUND
- Source citation: Work cat.: (JO-AjAnu)1509: the United States Commission on Civil Rights, author 2880, Battered women : issues of public policy : a consultation sponsored by the United States Commission on Civil Rights, Washington, D.C., January 30-31, 1978.